000 01303nam a2200301 4500
003 NUST
005 20260508091634.0
008 260508b |||||||| |||| 00| 0 eng d
040 _aNUST
_beng
_cNUST
_dNUST
_erda
050 _aQE431.2.Z55 SIA
100 _aSiachingoma, Bernard.
_eauthor.
245 _aDetermining base of the main sulphide zone using geophysical methods at Ngezi mine /
_cby Bernard Siachingoma.
260 _aBulawayo, Zimbabwe :
_bNational University of Science and Technology ,
_c©2005.
300 _avii, 95 pages :
_billustrations ;
_c30 cm.
336 _2rdacontent
_atext
_btxt
337 _2rdamedia
_aunmediated
_bn
338 _2rdacarrier
_avolume
_bnc
500 _aA thesis submitted in partial fulfilment of the requirements of the Master of Science degree in Geophysics.
501 _00(MSc in Geophysics) National University of Science and Technology, 2005.
504 _aIncludes bibliographical references.
650 _aGeophysics
_xCase studies
_zZimbabwe.
650 _aMines and mineral resources
_xNgezi Mine
_z Zimbabwe.
650 _aSulphide ores
_xAnalysis.
650 _aTheses
_xGeology.
650 _aGeophysical prospecting
_zZimbabwe.
700 _aMrs K. Matcheva.
_esupervisor.
942 _2lcc
_n0
_c3HOUR
_hQE431.2.Z55
_kQE
_mSIA
999 _c172842
_d172842